<?xml version="1.0" encoding="UTF-8"?>
<marc:record xmlns:marc="http://www.loc.gov/MARC21/slim">
   <marc:leader>00000nam a2200000 a 4500</marc:leader>
   <marc:datafield ind1="1" ind2=" " tag="100">
      <marc:subfield code="a">Evans, Richard Paul</marc:subfield>
      <marc:subfield code="4">aut</marc:subfield>
      <marc:subfield code="e">Verfasser/-in</marc:subfield>
   </marc:datafield>
   <marc:datafield ind1="1" ind2=" " tag="100">
      <marc:subfield code="a">Evans, Richard Paul</marc:subfield>
   </marc:datafield>
   <marc:datafield ind1="0" ind2="0" tag="245">
      <marc:subfield code="a">Die wundersame Schatulle</marc:subfield>
   </marc:datafield>
   <marc:datafield ind1="0" ind2="0" tag="245">
      <marc:subfield code="b">Roman</marc:subfield>
   </marc:datafield>
   <marc:datafield ind1="0" ind2="0" tag="245">
      <marc:subfield code="c">Richard Paul Evans. Aus dem amerikan. Engl. von Anke Caroline Burger</marc:subfield>
   </marc:datafield>
   <marc:datafield ind1=" " ind2="1" tag="264">
      <marc:subfield code="a">Bergisch Gladbach</marc:subfield>
      <marc:subfield code="b">Bastei Lübbe Stars</marc:subfield>
      <marc:subfield code="c">2007</marc:subfield>
   </marc:datafield>
   <marc:datafield ind1="1" ind2=" " tag="490">
      <marc:subfield code="a">Bastei Lübbe Stars</marc:subfield>
      <marc:subfield code="v">Bd. 77228</marc:subfield>
   </marc:datafield>
   <marc:datafield ind1=" " ind2=" " tag="250">
      <marc:subfield code="a">Vollst. Taschenbuchausg., 1. Aufl.</marc:subfield>
   </marc:datafield>
   <marc:datafield ind1="1" ind2=" " tag="520">
      <marc:subfield code="a">Angaben aus der Verlagsmeldung

Die wundersame Schatulle The Christmas box / von Richard P Evans

Eine zauberhafte Geschichte über die Liebe, poetisch und weise, warmherzig und voll beseelender Kraft. Sie leben in ziemlich beengten Verhältnissen: Richard, seine Frau Keri und ihre kleine Tochter Jenna. Da kommt die Anzeige wie gerufen: "Ältere Dame sucht Ehepaar, das ihr in Haushalt, Küche und Garten hilft. Eigene Wohnung wird gestellt." Kurze Zeit später ziehen die drei in die Villa der Witwe. Doch Richard strebt weiter nach Erfolg und Geld - und hat immer weniger Zeit für seine Familie. Kurz vor Weihnachten findet er auf dem Dachboden eine kleine Schatulle, deren Inhalt ihn erkennen lässt, dass er den Blick für das Wertvollste im Leben verloren hat ...
</marc:subfield>
   </marc:datafield>
   <marc:datafield ind1=" " ind2=" " tag="020">
      <marc:subfield code="a">9783404772285</marc:subfield>
      <marc:subfield code="9">9783404772285</marc:subfield>
   </marc:datafield>
   <marc:datafield ind1=" " ind2=" " tag="020">
      <marc:subfield code="a">3404772288</marc:subfield>
      <marc:subfield code="9">3404772288</marc:subfield>
   </marc:datafield>
   <marc:datafield ind1=" " ind2=" " tag="041">
      <marc:subfield code="a">ger</marc:subfield>
   </marc:datafield>
   <marc:datafield ind1=" " ind2=" " tag="300">
      <marc:subfield code="a">125 S.</marc:subfield>
   </marc:datafield>
</marc:record>
